000 00611nam a2200217Ia 4500
003 OSt
005 20250131143512.0
008 210716s1973 xx 000 0 und d
020 _a0394718232
040 _cAIMIT LIBRARY
041 _aeng
082 _a813
_21
_bKOEA
100 _aKoestler, Arthur.
_9196712
245 _aCase of the midwife toad /
_cBy Arthur Koestler.
250 _a1st ed.
260 _aNew York :
_bVintage books ;
_c1973.
300 _a187p. ;
_bPB
_c17 cm.
650 _aLaw of seriality
_9196713
650 _aUnrepeatable experiment
_9196714
942 _2ddc
_cBK
_e1st ed.
_k813 KOEA
999 _c201336
_d201336